000 02447nam0a2200457 4500
001 RU\NLR\bibl\507883
005 20260405195707.0
010 _a5-94457-170-5
021 _aRU
_b2004-9237
_9474
035 _a(NLR Aleph) 000500414
090 _a1170000
_c1170000
100 _a20040405d2004 |||y0rusy50 ca
101 1 _arus
102 _aRU
105 _aa |||||||||
135 _acrmn mmmanaba
200 1 _aПисьма и заметки Н.С. Трубецкого
_f[Подгот. к изд. Р. Якобсона и др.
_gПер. предисл., примеч. и указ. В.А. Плунгяна и др.
_gВступ. ст. В.Н. Топорова]
210 _aМ.
_cЯз. слав. культуры
_cА. Кошелев
_d2004
215 _aXV, [1], 506 с., [4] л. ил.
_d24
225 1 _aЯзык. Семиотика. Культура
300 _aПер. изд.: N.S. Trubetzkoy's letters and notes.- Paris, 1975
320 _aБиблиогр.: с. Ixxiv-Ixxvi и в подстроч. примеч.
320 _aУказатели: имен, яз. с. 492-506
325 1 _aКопия доступна в электронной библиотеке РНБ
454 0 _12001#$aN.S. Trubetzkoy's letters and notes
_1210##$aParis$d1975
_tN.S. Trubetzkoy's letters and notes
600 1 _aТрубецкой
_bН.С.
_f1890 - 1938
_gНиколай Сергеевич
_91794802
_3RU\NLR\AUTH\661101956
686 1 _aШ1г(4Че)7дТрубецкой
700 1 _4070
_7ca
_8rus
_aТрубецкой
_bН. С.
_f1890-1938
_gНиколай Сергеевич
_970283
_3RU\NLR\auth\7787355
702 1 _4220
_7ca
_8rus
_aЯкобсон
_bР. О.
_f1896-1982
_gРоман Осипович
_962899
_3RU\NLR\AUTH\7779971
801 0 _aRU
_bNLR
_c20040405
_gPSBO
801 1 _aRU
_bNLR
_c20040405
830 _aСост. по кн.
856 0 _uhttp://vivaldi.nlr.ru/bx000012541/view
856 1 _uhttp://vivaldi.nlr.ru/bx000012541/cover
856 2 _uhttp://vivaldi.nlr.ru/bx000012541/text
901 _eКнижные издания
942 _cBOOK
980 _aNB
981 1 3 _a(13) Документы, защищенные авторским правом
_b(13) Современная научная, научно-популярная и популярная л